000 00652nam a2200217 i 4500
001 C2-0200553
003 PPAK
005 20180728100616.0
008 990203s1960 ne a|||| ||||| | eng d
040 _aPPAK
_beng
_cPPAK
_erda
082 0 4 _a959.801
_2 23
090 0 0 _a959.801
_bPIG
_dKIH
245 0 0 _aJava in the 14th century :
_ba study in cultural History
264 1 _aThe Hague :
_bMartinus Nijhoff ,
_c1960
300 _axvi, 125 pages :
_billustrations ;
_c25 cm
336 _2rdacontent
_atext
337 _2rdamedia
_aunmediated
338 _2rdacarrier
_avolume
500 _aVol.I, vol. II, vol. III, vol. IV, vol. V
942 _ddc
_cB
999 _c156952
_d156952